British counties Quiz Stats

 Plays Quiz not verified by Sporcle

Challenge
Share
Tweet
Embed
Score 0/92 Timer 15:00
0 Plays Today
Country County % Correct
EnglandYorkshire
87.6%
EnglandCornwall
84.4%
EnglandDevon
83.6%
EnglandEssex
81.8%
EnglandSussex
80.8%
EnglandKent
76.9%
EnglandLancashire
74.6%
EnglandNorfolk
72.3%
EnglandHampshire
71.4%
EnglandOxfordshire
69.1%
EnglandCambridgeshire
68.6%
EnglandSurrey
66.7%
EnglandSuffolk
66.6%
EnglandSomerset
65.3%
EnglandLeicestershire
64.6%
EnglandBuckinghamshire
64.2%
EnglandDorset
63.4%
EnglandHertfordshire
63.3%
EnglandLincolnshire
62.7%
EnglandBerkshire
62.6%
EnglandGloucestershire
62%
EnglandNottinghamshire
62%
EnglandDerbyshire
61.8%
EnglandHerefordshire
59.9%
EnglandNorthumberland
58.8%
EnglandWorcestershire
57.8%
EnglandBedfordshire
56.6%
EnglandWarwickshire
56.6%
EnglandCheshire
56.3%
EnglandDurham
56.2%
EnglandWiltshire
54.2%
Country County % Correct
EnglandShropshire
53.8%
EnglandNorthamptonshire
51.4%
EnglandMiddlesex
49.9%
EnglandStaffordshire
47.3%
ScotlandAberdeenshire
45.7%
EnglandRutland
42.7%
WalesPembrokeshire
40.1%
EnglandCumberland
39.3%
WalesGlamorgan
36.6%
Northern IrelandLondonderry
31.9%
WalesMonmouthshire
31%
ScotlandPerthshire
29.5%
ScotlandFife
29.3%
ScotlandAyrshire
28.9%
Northern IrelandAntrim
28.1%
Northern IrelandDown
27.5%
ScotlandLanarkshire
27.5%
Northern IrelandArmagh
27%
ScotlandWest Lothian
26.1%
ScotlandEast Lothian
25.5%
ScotlandOrkney
25.1%
ScotlandShetland
25%
WalesAnglesey
24.9%
ScotlandMidlothian
24.3%
EnglandHuntingdonshire
22.5%
EnglandWestmorland
22.5%
Northern IrelandTyrone
22.1%
WalesFlintshire
22%
WalesCardiganshire
21.2%
WalesCarmarthenshire
20.4%
ScotlandInverness-shire
19.2%
Country County % Correct
Northern IrelandFermanagh
18.9%
ScotlandStirlingshire
18.9%
ScotlandAngus
17.9%
ScotlandArgyllshire
17.6%
WalesDenbighshire
17.6%
ScotlandDumfriesshire
16.4%
ScotlandBerwickshire
16%
ScotlandSutherland
15.6%
ScotlandRenfrewshire
14.6%
ScotlandDunbartonshire
14.5%
WalesMontgomeryshire
13.8%
ScotlandPeeblesshire
13.8%
ScotlandCaithness
13.2%
ScotlandRoss-shire
12.5%
ScotlandClackmannanshire
12.4%
ScotlandMorayshire
12.3%
ScotlandButeshire
12.2%
ScotlandKinross-shire
12.1%
ScotlandBanffshire
11.4%
WalesCaernarfonshire
11.1%
WalesRadnorshire
10.4%
WalesBrecknockshire
10.2%
ScotlandWigtownshire
10%
ScotlandRoxburghshire
9.5%
ScotlandKincardineshire
9.4%
WalesMerioneth
9.1%
ScotlandSelkirkshire
9%
ScotlandNairnshire
9%
ScotlandKirkcudbrightshire
8.4%
ScotlandCromartyshire
6.1%

You're not logged in!

Compare scores with friends on all Sporcle quizzes.
OR
Log In

You Might Also Like...

Show Comments

Extras

Created Feb 22, 2012ReportNominate
Tags:british, counties

Top Quizzes Today


Score Distribution

Your Account Isn't Verified!

In order to create a playlist on Sporcle, you need to verify the email address you used during registration. Go to your Sporcle Settings to finish the process.

Report this User

Report this user for behavior that violates our Community Guidelines.

Details: